Communal violence,forced migration and the state (Record no. 25321)
[ view plain ]
| 000 -LEADER | |
|---|---|
| fixed length control field | 01200nam a22001577a 4500 |
| 020 ## - INTERNATIONAL STANDARD BOOK NUMBER | |
| ISBN | 9781107065444 |
| 082 ## - DEWEY DECIMAL CLASSIFICATION NUMBER | |
| Classification number | 305.697095475 |
| Item number | LOK-C |
| 100 ## - MAIN ENTRY--AUTHOR NAME | |
| Personal name | Lokhande, Sanjeevini Badigar |
| 245 ## - TITLE STATEMENT | |
| Title | Communal violence,forced migration and the state |
| Sub Title | :Gujarat since 2002 |
| 260 ## - PUBLICATION, DISTRIBUTION, ETC. (IMPRINT) | |
| Place of publication | Delhi |
| Name of publisher | Cambridge University Press, |
| Year of publication | 2015 |
| 300 ## - PHYSICAL DESCRIPTION | |
| Number of Pages | xi, 215p. |
| 504 ## - BIBLIOGRAPHY, ETC. NOTE | |
| Bibliography, etc | Included Bibliography and Index |
| 520 ## - SUMMARY, ETC. | |
| Summary, etc | When violence occurs in democracies it is often characterized as an aberration. The state that saw human rights violations and failure of law and order in Gujarat in 2002 emerged, even if by its own admission, as a model for good governance. Communal Violence, Forced Migration and the State, through an account of displaced Muslims, challenges this notion. Through the unlikely yet probing lens of displacement, it offers fresh insight into communal violence and is an important resource for the emerging domain of forced migration and the changing nature of the state in a globalized world. |
| 650 ## - SUBJECT ADDED ENTRY--TOPICAL TERM | |
| Topical Term | Citizenship |
| -- | Politics and government |
| -- | Muslims |
| Form subdivision | Forced migration |
| -- | Ethnic relations |
| Geographic subdivision | Gujarat Riots (India : 2002) |
| -- | India--Gujarat |
| 942 ## - ADDED ENTRY ELEMENTS (KOHA) | |
| Source of classification or shelving scheme | Dewey Decimal Classification |
| Koha item type | Books |
| Withdrawn status | Lost status | Damaged status | Not for loan | Home library | Current library | Date acquired | Source of acquisition | Bill Date | Full call number | Accession Number | Price effective from | Koha item type |
|---|---|---|---|---|---|---|---|---|---|---|---|---|
| NASSDOC Library | NASSDOC Library | 25/03/2019 | OP | 25/03/2019 | 305.697095475 LOK-C | 50115 | 25/03/2019 | Books |
